Catálogo

Ventaja competitiva : (Registro nro. 12747)

Detalles MARC
000 -LEADER
fixed length control field 01501cam a2200349 i 4500
001 - CONTROL NUMBER
control field 12747
003 - CONTROL NUMBER IDENTIFIER
control field Mx-PuUPA
005 - DATE AND TIME OF LATEST TRANSACTION
control field 20250225085201.0
008 - FIXED-LENGTH DATA ELEMENTS--GENERAL INFORMATION
fixed length control field 140415s1987 mx gr 000 0 spa d
020 ## - INTERNATIONAL STANDARD BOOK NUMBER
International Standard Book Number 9682607787
040 ## - CATALOGING SOURCE
Original cataloging agency Mx-PuUPA
Language of cataloging spa
Transcribing agency Mx-PuUPA
Modifying agency Mx-PuUPA
Description conventions rda
041 1# - LANGUAGE CODE
Language code of text/sound track or separate title spa
Language code of original eng
100 1# - MAIN ENTRY--PERSONAL NAME
Personal name Porter, Michael E.,
Dates associated with a name 1947-
9 (RLIN) 2251
Relator term autor
240 10 - UNIFORM TITLE
Uniform title Competitive advantage. Creating and sustaining.
Language of a work Español
245 10 - TITLE STATEMENT
Title Ventaja competitiva :
Remainder of title creación y sostenimiento de un desempeño superior /
Statement of responsibility, etc. MIchael E. Porter ; traducción, María Ascención de la Campa Pérez Sevilla
250 ## - EDITION STATEMENT
Edition statement Primera edición
264 #1 - PRODUCTION, PUBLICATION, DISTRIBUTION, MANUFACTURE, AND COPYRIGHT NOTICE
Place of production, publication, distribution, manufacture México, D. F. :
Name of producer, publisher, distributor, manufacturer Grupo Editorial Cultural,
Date of production, publication, distribution, manufacture, or copyright notice ©1987
300 ## - PHYSICAL DESCRIPTION
Extent 550 páginas :
Other physical details diagramas, tablas ;
Dimensions 24 cm
336 ## - CONTENT TYPE
Fuente rdacontent
Content type term texto
Content type code txt
337 ## - MEDIA TYPE
Source rdamedia
Media type term sin medio
Media type code n
338 ## - CARRIER TYPE
Source rdacarrier
Carrier type term volumen
Carrier type code nc
545 1# - BIOGRAPHICAL OR HISTORICAL DATA
Biographical or historical data Reimpresiones: (Décima novena, 2000) ; (Vigésima, 2001).
650 #7 - SUBJECT ADDED ENTRY--TOPICAL TERM
Source of heading or term armarc
Topical term or geographic name entry element Administración industrial
650 #7 - SUBJECT ADDED ENTRY--TOPICAL TERM
Source of heading or term armarc
Topical term or geographic name entry element Industrialización
650 #7 - SUBJECT ADDED ENTRY--TOPICAL TERM
Source of heading or term armarc
Topical term or geographic name entry element Compañias extranjeras
General subdivision Competencia económica internacionales
-- Países desarrollados
650 #7 - SUBJECT ADDED ENTRY--TOPICAL TERM
Source of heading or term armarc
Topical term or geographic name entry element Política económica
General subdivision Países desarrollados
700 1# - ADDED ENTRY--PERSONAL NAME
Personal name Campa Pérez Sevilla, María Ascención de la,
Relator term traductor
765 0# - ORIGINAL LANGUAGE ENTRY
Main entry heading Porter, Michael E., 1947-
Title Competitive advantage. Creating and sustaining.
International Standard Book Number 002925090
942 ## - ADDED ENTRY ELEMENTS (KOHA)
Source of classification or shelving scheme Dewey Decimal Classification
Koha item type Libro
Classification part 658
Item part P8518
Existencias
Withdrawn status Lost status Source of classification or shelving scheme Damaged status Not for loan Home library Current library Shelving location Date acquired Source of acquisition Total Checkouts Full call number Barcode Price effective from Koha item type Collection code Date last seen Date last checked out
  Extraviado Dewey Decimal Classification     Biblioteca Karol Wojtyla Biblioteca Karol Wojtyla   03/12/2013 Compra   658.8 POR 54877 03/12/2013 Libro      
    Dewey Decimal Classification     Biblioteca Karol Wojtyla Biblioteca Karol Wojtyla Sala general 03/12/2013 Compra 1 658.8 POR 67636 03/12/2013 Libro General 05/01/2026 27/11/2019
    Dewey Decimal Classification     Biblioteca Karol Wojtyla Biblioteca Karol Wojtyla Sala general 03/12/2013 Compra 1 658.8 POR 29282 03/12/2013 Libro General 05/01/2026 27/11/2019
    Dewey Decimal Classification     Biblioteca Karol Wojtyla Biblioteca Karol Wojtyla Sala general 03/12/2013 Compra   658.8 POR 70863 03/12/2013 Libro General 05/01/2026 31/01/2015
    Dewey Decimal Classification     Biblioteca Karol Wojtyla Biblioteca Karol Wojtyla Sala general 03/12/2013 Compra   658.8 POR 30440 03/12/2013 Libro General 05/01/2026 26/08/2016
    Dewey Decimal Classification     Biblioteca Karol Wojtyla Biblioteca Karol Wojtyla Sala general 03/12/2013 Compra   658.8 POR 53474 03/12/2013 Libro General 05/01/2026 18/01/2018
    Dewey Decimal Classification     Tehuacán Tehuacán Sala general 03/12/2013 Compra   658 P8518 1987 968000003078 03/12/2013 Libro General 08/01/2025